| 000 | 00000nam##2200000za#4500 |
| 001 | 9.603853 |
| 003 | CaOODSP |
| 005 | 20220623130824 |
| 007 | cr ||||||||||| |
| 008 | 150406|2007||||xxc|||||o f|0| 0 fre|d |
| 040 | |aCaOODSP|bfre |
| 043 | |an-cn--- |
| 086 | 1 |aH117-5/1-2007F-PDF |
| 110 | 1 |aCanada. |bInstitut canadien d'information sur la santé. |
| 245 | 10|aTableaux sur les temps d'attente - une comparaison par province, 2007 / |h[ressource électronique] |
| 260 | |aOttawa - Ontario : |bInstitut canadien d'information sur la santé |cFévrier 2007. |
| 300 | |a21p.|bréférences, tableaux |
| 490 | 1 |aAnalyse en bref |
| 590 | |a12-19-Supp|b2012-04-30 |
| 775 | 08|tWait times tables - a comparison by province, 2007 / |w(CaOODSP)9.573796 |
| 830 | #0|aAnalyse en bref (Statistique Canada)|w(CaOODSP)9.503377 |
| 856 | 40|ahttp://publications.gc.ca|qPDF|s488 Ko|uhttps://publications.gc.ca/collections/collection_2012/icis-cihi/H117-5-1-2007-fra.pdf |